000 00874nam a2200217 i 4500
001 159980
003 ES-MaACL
005 20251105063135.0
008 990422s1891 ag |||| | spa d
040 _aCCPB | B
_bspa
_cCCPB | B
080 _a821.134.2-14"18"
100 1 _aMonner Sans, R.,
_d1853-1927
_9147215
245 1 0 _aA histórico pasado, risueño porvenir
_b: poema argentino /
_cR. Monner Sans.
260 _aBuenos Aires :
_b[s.n.],
_c1891 (
_fImprenta de La Nación)
300 _a28 p. ;
_c21 cm.
530 _aDisponible también en sitio web.
597 _aAntep.
852 _aES-MaACL
_jT-581-F-7
_z-- Enc. hol. conservando la cub. original
_z-- Enc. en un vol. facticio
856 _uhttp://bibliotecadigitalhispanica.bne.es:80/webclient/DeliveryManager?pid=1847666&custom_att_2=simple_viewer
_zIr a la página
999 _c159980
_d159980